[Event "Mitropa Cup (Women) 7th"]
[Site "Chur"]
[Date "2010.05.31"]
[Round "3"]
[White "Franciskovic, Borka"]
[Black "Machalova, Veronika"]
[Result "1/2-1/2"]
[WhiteElo "2261"]
[BlackElo "2214"]
[PlyCount "65"]
[EventDate "2010.05.29"]
[EventType "team-tourn"]
[EventRounds "9"]
[EventCountry "SUI"]
[Source "ChessBase"]
[SourceDate "2010.07.02"]
[WhiteTeam "Croatia (W)"]
[BlackTeam "Slovakia (W)"]
[WhiteTeamCountry "CRO"]
[BlackTeamCountry "SVK"]

1. Nf3 Nf6 2. g3 d5 3. Bg2 c6 4. O-O Bg4 5. d3 Nbd7 6. c4 dxc4 7. dxc4 e5 8.
Qc2 Qc7 9. Nc3 Be7 10. Rd1 O-O 11. h3 Bh5 12. Nh4 Rfd8 13. Be3 Bg6 14. Nxg6
hxg6 15. Na4 Nf8 16. Rxd8 Qxd8 17. Rd1 Qc7 18. a3 Ne6 19. b4 Nd7 20. c5 Rd8 21.
Nb2 Nf6 22. Rxd8+ Bxd8 23. Qd2 Qd7 24. Qxd7 Nxd7 25. Nc4 Bc7 26. Bd2 Kf8 27.
Bc3 Ke7 28. e3 a6 29. f4 exf4 30. gxf4 f6 31. Kf2 g5 32. fxg5 Nxg5 33. h4
1/2-1/2

[Event "Mitropa Cup (Women) 7th"]
[Site "Chur"]
[Date "2010.05.31"]
[Round "3"]
[White "Mrvova, Alena"]
[Black "Medic, Mirjana"]
[Result "1-0"]
[WhiteElo "2298"]
[BlackElo "2271"]
[PlyCount "99"]
[EventDate "2010.05.29"]
[EventType "team-tourn"]
[EventRounds "9"]
[EventCountry "SUI"]
[Source "ChessBase"]
[SourceDate "2010.07.02"]
[WhiteTeam "Slovakia (W)"]
[BlackTeam "Croatia (W)"]
[WhiteTeamCountry "SVK"]
[BlackTeamCountry "CRO"]

1. e4 e6 2. d4 d5 3. Nd2 Nf6 4. e5 Nfd7 5. Bd3 c5 6. c3 Nc6 7. Ne2 cxd4 8. cxd4
Nb6 9. O-O Bd7 10. Nf3 Nb4 11. Bb1 Be7 12. Nc3 a5 13. a3 Nc6 14. Qd2 Nc4 15.
Qf4 a4 16. Bc2 b5 17. Qg4 g6 18. h4 Qb6 19. Rd1 O-O-O 20. b3 axb3 21. Bxb3 Qa5
22. Ne2 Kc7 23. Bxc4 bxc4 24. Bd2 Qa6 25. Ng5 Rdf8 26. Nc3 h6 27. Nf3 Rb8 28.
Qf4 Be8 29. a4 Nb4 30. Nb5+ Kd7 31. Bxb4 Bxb4 32. Rdb1 Qa5 33. Nd6 f5 34. Qg3
Rg8 35. Ne1 Ke7 36. Nc2 Bd7 37. Nb5 Bd2 38. Qa3+ Kf7 39. Nd6+ Kg7 40. Nb7 Qc3
41. Qe7+ Kh8 42. Nd6 Rgf8 43. Rxb8 Rxb8 44. Qxd7 Qxc2 45. Ne8 Rxe8 46. Qxe8+
Kg7 47. Qd7+ Kh8 48. Qc8+ Kg7 49. Qb7+ Kh8 50. Rb1 1-0

[Event "Mitropa Cup (Women) 7th"]
[Site "Chur"]
[Date "2010.05.31"]
[Round "3"]
[White "Olsarova, Karolina"]
[Black "Zimina, Olga"]
[Result "0-1"]
[WhiteElo "2191"]
[BlackElo "2309"]
[PlyCount "110"]
[EventDate "2010.05.29"]
[EventType "team-tourn"]
[EventRounds "9"]
[EventCountry "SUI"]
[Source "ChessBase"]
[SourceDate "2010.07.02"]
[WhiteTeam "Czech Republic (W)"]
[BlackTeam "Italy (W)"]
[WhiteTeamCountry "CZE"]
[BlackTeamCountry "ITA"]

1. e4 e5 2. Nf3 Nc6 3. Bb5 a6 4. Ba4 Nf6 5. O-O b5 6. Bb3 Bc5 7. a4 Rb8 8. c3
d6 9. d4 Bb6 10. h3 O-O 11. Re1 Bb7 12. axb5 axb5 13. Na3 exd4 14. cxd4 Na5 15.
Bc2 b4 16. Nb1 h6 17. Nbd2 c5 18. Nf1 c4 19. Bf4 Re8 20. Ng3 Ra8 21. d5 b3 22.
Bb1 Bc5 23. Qd2 Nd7 24. Nf5 Ra6 25. N3d4 Qf6 26. Rd1 Rea8 27. Qe3 Ne5 28. Qg3
Kh8 29. Bd2 Bc8 30. Bc3 Qg5 31. Qxg5 hxg5 32. Nb5 Nb7 33. Rxa6 Rxa6 34. Nbxd6
Nxd6 35. Bxe5 Bxf5 36. exf5 f6 37. Bc3 Kg8 38. Kf1 Kf7 39. f3 Nb5 40. Rc1 Be3
41. Rd1 Bf4 42. Be4 Nxc3 43. bxc3 Ke7 44. Rd4 b2 45. Rxc4 Ra1+ 46. Ke2 b1=Q 47.
Bxb1 Rxb1 48. Ra4 Kd6 49. c4 Kc5 50. Kd3 Rb3+ 51. Ke2 Re3+ 52. Kf2 Rc3 53. Ke2
Rxc4 54. Ra7 Rc2+ 55. Kd3 Rd2+ 0-1

[Event "Mitropa Cup (Women) 7th"]
[Site "Chur"]
[Date "2010.05.31"]
[Round "3"]
[White "Sedina, Elena"]
[Black "Havlikova, Kristyna"]
[Result "1/2-1/2"]
[WhiteElo "2342"]
[BlackElo "2251"]
[PlyCount "50"]
[EventDate "2010.05.29"]
[EventType "team-tourn"]
[EventRounds "9"]
[EventCountry "SUI"]
[Source "ChessBase"]
[SourceDate "2010.07.02"]
[WhiteTeam "Italy (W)"]
[BlackTeam "Czech Republic (W)"]
[WhiteTeamCountry "ITA"]
[BlackTeamCountry "CZE"]

1. e4 c5 2. Nf3 Nc6 3. Bb5 g6 4. O-O Bg7 5. c3 Nf6 6. Re1 O-O 7. h3 e5 8. d4
cxd4 9. cxd4 Nxd4 10. Nxd4 exd4 11. Qxd4 d5 12. e5 Ne4 13. Nc3 Nxc3 14. bxc3
Qa5 15. a4 Be6 16. Rb1 Rfc8 17. Rb3 Bf8 18. Ba3 Bxa3 19. Rxa3 Rc7 20. Re3 Rac8
21. Rb3 Rc5 22. h4 Qb6 23. Rb4 Qc7 24. Rb3 Qb6 25. Rb4 Qc7 1/2-1/2

[Event "Mitropa Cup (Women) 7th"]
[Site "Chur"]
[Date "2010.05.31"]
[Round "3"]
[White "Fuchs, Judith"]
[Black "Krivec, Jana"]
[Result "1/2-1/2"]
[WhiteElo "2231"]
[BlackElo "2340"]
[PlyCount "56"]
[EventDate "2010.05.29"]
[EventType "team-tourn"]
[EventRounds "9"]
[EventCountry "SUI"]
[Source "ChessBase"]
[SourceDate "2010.07.02"]
[WhiteTeam "Germany (W)"]
[BlackTeam "Slovenia (W)"]
[WhiteTeamCountry "GER"]
[BlackTeamCountry "SLO"]

1. e4 e5 2. Nf3 Nc6 3. Bc4 Bc5 4. c3 Nf6 5. d3 a6 6. Bb3 d6 7. Nbd2 Ba7 8. O-O
O-O 9. Nc4 Ne7 10. Bg5 Ng6 11. Nh4 Kh8 12. Nxg6+ fxg6 13. d4 Qe7 14. dxe5 dxe5
15. Qe2 h6 16. Bh4 b5 17. Ne3 c6 18. f3 Be6 19. Bf2 Nh5 20. Bxe6 Nf4 21. Qc2
Qxe6 22. Ng4 Rfd8 23. Rfd1 Bxf2+ 24. Nxf2 Rxd1+ 25. Qxd1 Qe7 26. g3 Rd8 27. Qc2
Ne6 28. Rd1 Rf8 1/2-1/2

[Event "Mitropa Cup (Women) 7th"]
[Site "Chur"]
[Date "2010.05.31"]
[Round "3"]
[White "Rozic, Vesna"]
[Black "Hoolt, Sarah"]
[Result "1/2-1/2"]
[WhiteElo "2271"]
[BlackElo "2223"]
[PlyCount "44"]
[EventDate "2010.05.29"]
[EventType "team-tourn"]
[EventRounds "9"]
[EventCountry "SUI"]
[Source "ChessBase"]
[SourceDate "2010.07.02"]
[WhiteTeam "Slovenia (W)"]
[BlackTeam "Germany (W)"]
[WhiteTeamCountry "SLO"]
[BlackTeamCountry "GER"]

1. d4 Nf6 2. Nf3 g6 3. Bg5 Bg7 4. Nbd2 d5 5. e3 O-O 6. c3 Nbd7 7. Be2 Re8 8.
O-O e5 9. c4 e4 10. Ne1 c6 11. cxd5 cxd5 12. Rc1 h6 13. Bh4 Nf8 14. Nc2 Qb6 15.
Na3 Ne6 16. Qb3 Qxb3 17. Nxb3 a6 18. Nc5 Nxc5 19. Rxc5 g5 20. Bg3 Bd7 21. Rfc1
Bf8 22. R5c3 Rec8 1/2-1/2

[Event "Mitropa Cup (Women) 7th"]
[Site "Chur"]
[Date "2010.05.31"]
[Round "3"]
[White "De Seroux, Camille"]
[Black "Papp, Petra"]
[Result "0-1"]
[WhiteElo "2028"]
[BlackElo "2270"]
[PlyCount "64"]
[EventDate "2010.05.29"]
[EventType "team-tourn"]
[EventRounds "9"]
[EventCountry "SUI"]
[Source "ChessBase"]
[SourceDate "2010.07.02"]
[WhiteTeam "Switzerland (W)"]
[BlackTeam "Hungary (W)"]
[WhiteTeamCountry "SUI"]
[BlackTeamCountry "HUN"]

1. e4 e5 2. Nf3 Nc6 3. d4 exd4 4. Nxd4 Bc5 5. Be3 Qf6 6. c3 Nge7 7. Bc4 Ne5 8.
Be2 Qg6 9. O-O d6 10. f4 Qxe4 11. Bf2 Bxd4 12. cxd4 N5g6 13. g3 Bh3 14. Bf3 Qf5
15. Re1 d5 16. Qb3 O-O-O 17. Nc3 h5 18. Rac1 Kb8 19. Na4 Rd6 20. Rc5 h4 21. Rb5
b6 22. Nc5 hxg3 23. Bxg3 Ka8 24. Na6 Qd7 25. f5 Bxf5 26. Bxd5+ c6 27. Rxb6 axb6
28. Qxb6 Nxd5 29. Qa5 Qa7 30. Bxd6 Qxd4+ 31. Kh1 Be4+ 32. Rxe4 Qxe4+ 0-1

[Event "Mitropa Cup (Women) 7th"]
[Site "Chur"]
[Date "2010.05.31"]
[Round "3"]
[White "Rudolf, Anna"]
[Black "Heinatz, Gundula"]
[Result "0-1"]
[WhiteElo "2344"]
[BlackElo "2220"]
[PlyCount "92"]
[EventDate "2010.05.29"]
[EventType "team-tourn"]
[EventRounds "9"]
[EventCountry "SUI"]
[Source "ChessBase"]
[SourceDate "2010.07.02"]
[WhiteTeam "Hungary (W)"]
[BlackTeam "Switzerland (W)"]
[WhiteTeamCountry "HUN"]
[BlackTeamCountry "SUI"]

1. e4 c5 2. Nf3 Nc6 3. d4 cxd4 4. Nxd4 g6 5. c4 Nf6 6. Nc3 Nxd4 7. Qxd4 d6 8.
Bg5 Bg7 9. Qd2 O-O 10. Bd3 Be6 11. Rc1 Re8 12. O-O Qa5 13. Kh1 a6 14. f3 Nd7
15. f4 Rac8 16. b3 Nc5 17. f5 Bd7 18. Bb1 b5 19. f6 exf6 20. Bxf6 Bxf6 21. Rxf6
bxc4 22. bxc4 Be6 23. Qxd6 Rcd8 24. Qf4 Nd7 25. Rxe6 fxe6 26. h3 Rf8 27. Qd6
Nc5 28. Qe5 Qb6 29. a4 Qd6 30. Qxd6 Rxd6 31. e5 Rd4 32. Ne2 Rd2 33. Nc3 Rf4 34.
Kh2 Kg7 35. a5 Rxc4 36. Ba2 Rcd4 37. Nb1 Rxa2 38. Rxc5 Kh6 39. Rc6 Rxa5 40.
Rxe6 Re4 41. Nc3 Rexe5 42. Rd6 Rac5 43. Na4 Rc2 44. Kg3 a5 45. Nb6 Rg5+ 46. Kh4
Rcxg2 0-1

[Event "Mitropa Cup (Women) 7th"]
[Site "Chur"]
[Date "2010.06.01"]
[Round "4"]
[White "Erdos, Boglarka"]
[Black "Schink, Barbara"]
[Result "1-0"]
[WhiteElo "2147"]
[BlackElo "2063"]
[PlyCount "79"]
[EventDate "2010.05.29"]
[EventType "team-tourn"]
[EventRounds "9"]
[EventCountry "SUI"]
[Source "ChessBase"]
[SourceDate "2010.07.02"]
[WhiteTeam "Hungary (W)"]
[BlackTeam "Austria (W)"]
[WhiteTeamCountry "HUN"]
[BlackTeamCountry "AUT"]

1. d4 d5 2. c4 c6 3. Nc3 e6 4. Nf3 Nf6 5. Bg5 dxc4 6. a4 Bb4 7. e4 c5 8. Bxc4
cxd4 9. Nxd4 Qa5 10. Bb5+ Bd7 11. Bd2 Qb6 12. Be3 Nxe4 13. O-O Nxc3 14. bxc3
Bc5 15. Rb1 Qc7 16. Nxe6 fxe6 17. Qh5+ g6 18. Qxc5 Qxc5 19. Bxc5 Bxb5 20. axb5
Nd7 21. Bd4 e5 22. Rfe1 Kf7 23. Bxe5 Nxe5 24. Rxe5 Rhe8 25. Rxe8 Rxe8 26. Kf1
Re5 27. c4 Re4 28. Rb4 a5 29. bxa6 bxa6 30. f3 Re6 31. Rb7+ Kg8 32. Kf2 h5 33.
c5 a5 34. Ra7 Kf8 35. Rxa5 Ke7 36. Kg3 Rc6 37. Rb5 Kf7 38. Kf4 Ke7 39. Rb7+ Kf6
40. Rb6 1-0

[Event "Mitropa Cup (Women) 7th"]
[Site "Chur"]
[Date "2010.06.01"]
[Round "4"]
[White "Exler, Veronika"]
[Black "Papp, Petra"]
[Result "1-0"]
[WhiteElo "2119"]
[BlackElo "2270"]
[PlyCount "75"]
[EventDate "2010.05.29"]
[EventType "team-tourn"]
[EventRounds "9"]
[EventCountry "SUI"]
[Source "ChessBase"]
[SourceDate "2010.07.02"]
[WhiteTeam "Austria (W)"]
[BlackTeam "Hungary (W)"]
[WhiteTeamCountry "AUT"]
[BlackTeamCountry "HUN"]

1. e4 c5 2. c3 d5 3. exd5 Qxd5 4. d4 Nf6 5. Nf3 e6 6. Na3 Qd8 7. Nc2 Nc6 8. Bd3
b6 9. O-O Bb7 10. Qe2 Be7 11. Bf4 Nd5 12. Bg3 Bd6 13. c4 Nc7 14. d5 Ne7 15. Ng5
h6 16. Bxd6 hxg5 17. Be5 Qd7 18. d6 Nc6 19. dxc7 Nxe5 20. Qxe5 Qxd3 21. Ne3 Qg6
22. Rad1 Qf6 23. Qd6 Qe7 24. Rd2 Rc8 25. Rfd1 Qxd6 26. Rxd6 O-O 27. Rd7 Bc6 28.
Re7 b5 29. Rd6 Be8 30. b3 Kh7 31. Ng4 Kg6 32. Rd8 Bc6 33. Ne5+ Kf6 34. Nxc6
Rfxd8 35. cxd8=Q Rxd8 36. Rxf7+ Kxf7 37. Nxd8+ Ke7 38. Nc6+ 1-0

[Event "Mitropa Cup (Women) 7th"]
[Site "Chur"]
[Date "2010.06.01"]
[Round "4"]
[White "Flear, Christine"]
[Black "Franciskovic, Borka"]
[Result "1/2-1/2"]
[WhiteElo "2170"]
[BlackElo "2261"]
[PlyCount "42"]
[EventDate "2010.05.29"]
[EventType "team-tourn"]
[EventRounds "9"]
[EventCountry "SUI"]
[Source "ChessBase"]
[SourceDate "2010.07.02"]
[WhiteTeam "France (W)"]
[BlackTeam "Croatia (W)"]
[WhiteTeamCountry "FRA"]
[BlackTeamCountry "CRO"]

1. d4 Nf6 2. c4 e6 3. Nf3 Bb4+ 4. Nbd2 d5 5. a3 Be7 6. b4 a5 7. b5 c5 8. bxc6
Nxc6 9. e3 O-O 10. Bd3 Rb8 11. Rb1 Bd7 12. O-O dxc4 13. Nxc4 b5 14. Nce5 Nxe5
15. Nxe5 b4 16. axb4 axb4 17. Bd2 Qc7 18. Qb3 Qb7 19. f3 Rfc8 20. Nxd7 Qxd7 21.
Ra1 Rb6 1/2-1/2

[Event "Mitropa Cup (Women) 7th"]
[Site "Chur"]
[Date "2010.06.01"]
[Round "4"]
[White "Havlikova, Kristyna"]
[Black "Mrvova, Alena"]
[Result "1-0"]
[WhiteElo "2251"]
[BlackElo "2298"]
[PlyCount "51"]
[EventDate "2010.05.29"]
[EventType "team-tourn"]
[EventRounds "9"]
[EventCountry "SUI"]
[Source "ChessBase"]
[SourceDate "2010.07.02"]
[WhiteTeam "Czech Republic (W)"]
[BlackTeam "Slovakia (W)"]
[WhiteTeamCountry "CZE"]
[BlackTeamCountry "SVK"]

1. e4 c5 2. Nf3 d6 3. d4 cxd4 4. Nxd4 Nf6 5. Nc3 e6 6. Bc4 Be7 7. Be3 Qc7 8.
Bb3 a6 9. Qe2 Nc6 10. O-O-O Bd7 11. f3 O-O 12. g4 Nxd4 13. Bxd4 Bc6 14. g5 Nd7
15. Rhg1 Nc5 16. f4 Nxb3+ 17. axb3 Rac8 18. f5 exf5 19. exf5 Rfe8 20. Qd3 Bf8
21. Rg3 d5 22. Kb1 Bd6 23. Rh3 Be5 24. f6 g6 25. Rxh7 Bxf6 26. Bxf6 1-0

[Event "Mitropa Cup (Women) 7th"]
[Site "Chur"]
[Date "2010.06.01"]
[Round "4"]
[White "Machalova, Veronika"]
[Black "Olsarova, Karolina"]
[Result "1-0"]
[WhiteElo "2214"]
[BlackElo "2191"]
[PlyCount "103"]
[EventDate "2010.05.29"]
[EventType "team-tourn"]
[EventRounds "9"]
[EventCountry "SUI"]
[Source "ChessBase"]
[SourceDate "2010.07.02"]
[WhiteTeam "Slovakia (W)"]
[BlackTeam "Czech Republic (W)"]
[WhiteTeamCountry "SVK"]
[BlackTeamCountry "CZE"]

1. e4 e5 2. Nf3 Nc6 3. Bb5 Nf6 4. d3 Bc5 5. O-O d6 6. h3 O-O 7. c3 Bb6 8. Nbd2
Ne7 9. Nc4 Ng6 10. Nxb6 axb6 11. Re1 h6 12. d4 Qe7 13. Bd3 Bd7 14. Qe2 Nh5 15.
Qd1 Nhf4 16. Bf1 Rfd8 17. Kh2 Ne6 18. g3 Ra5 19. a3 c5 20. Bd2 Raa8 21. Qb3 Qf6
22. Bg2 b5 23. d5 c4 24. Qc2 Nc5 25. Rf1 Qe7 26. Ne1 Rf8 27. Be3 b6 28. Bxc5
bxc5 29. Qe2 f5 30. exf5 Bxf5 31. Be4 Qg5 32. Bxf5 Qxf5 33. Ng2 Qd3 34. Qg4 Rf6
35. a4 Qxd5 36. Rad1 Qb7 37. axb5 Qxb5 38. Ne3 Qxb2 39. Qxc4+ Kh7 40. Ng4 Rf5
41. Rxd6 Raf8 42. Qe6 Nh8 43. Rd7 Rxf2+ 44. Rxf2 Rxf2+ 45. Kg1 Rg2+ 46. Kh1 Ng6
47. Rd8 Qb1+ 48. Kxg2 Qe4+ 49. Kf2 Qc2+ 50. Kf3 Qxc3+ 51. Kg2 Qb2+ 52. Nf2 1-0

[Event "Mitropa Cup (Women) 7th"]
[Site "Chur"]
[Date "2010.06.01"]
[Round "4"]
[White "Fuchs, Judith"]
[Black "Sedina, Elena"]
[Result "1/2-1/2"]
[WhiteElo "2231"]
[BlackElo "2342"]
[PlyCount "157"]
[EventDate "2010.05.29"]
[EventType "team-tourn"]
[EventRounds "9"]
[EventCountry "SUI"]
[Source "ChessBase"]
[SourceDate "2010.07.02"]
[WhiteTeam "Germany (W)"]
[BlackTeam "Italy (W)"]
[WhiteTeamCountry "GER"]
[BlackTeamCountry "ITA"]

1. e4 e6 2. d4 d5 3. Nc3 Nf6 4. e5 Nfd7 5. f4 c5 6. Nf3 Nc6 7. Be3 Qb6 8. Na4
Qa5+ 9. c3 cxd4 10. b4 Nxb4 11. cxb4 Bxb4+ 12. Bd2 Bxd2+ 13. Nxd2 O-O 14. Bd3
b5 15. Nb2 Nb6 16. O-O Nc4 17. Nbxc4 bxc4 18. Bxh7+ Kxh7 19. Qh5+ Kg8 20. Nf3
g6 21. Qh6 Qc7 22. Nxd4 Qc5 23. Rad1 Re8 24. Rf3 Qf8 25. Qh4 Qe7 26. Qh6 Qf8
27. Qh4 Bd7 28. Rh3 Qg7 29. Nf3 c3 30. Ng5 c2 31. Rc1 f6 32. exf6 Qxf6 33. Qh7+
Kf8 34. Rxc2 Rac8 35. Rd2 Bb5 36. Qh8+ Qxh8 37. Rxh8+ Kg7 38. Rh7+ Kg8 39. Rxa7
Ra8 40. Rxa8 Rxa8 41. Nxe6 Bc4 42. Kf2 Bxa2 43. Nd4 Bb1 44. Kg3 Kf7 45. Kg4 Kf6
46. h3 Be4 47. Kh4 Rh8+ 48. Kg3 Ra8 49. h4 Ra3+ 50. Kf2 Ra1 51. Rb2 Ra4 52.
Rb6+ Kf7 53. Nf3 Ra2+ 54. Kg3 Ra3 55. Kg4 Kg7 56. Rd6 Bxf3+ 57. gxf3 Ra1 58.
Rxd5 Rg1+ 59. Kh3 Kf6 60. Kh2 Ra1 61. Rb5 Ra2+ 62. Kg3 Ra1 63. Rb6+ Kf5 64.
Rb5+ Kf6 65. Rb8 Rg1+ 66. Kh2 Ra1 67. Rb5 Ra2+ 68. Kh3 Ra1 69. Rg5 Rh1+ 70. Kg3
Rg1+ 71. Kh2 Rf1 72. Kg2 Ra1 73. h5 gxh5 74. Rxh5 Kg6 75. Rb5 Kf6 76. Kf2 Ra3
77. f5 Kg5 78. Kg3 Rc3 79. Ra5 1/2-1/2

[Event "Mitropa Cup (Women) 7th"]
[Site "Chur"]
[Date "2010.06.01"]
[Round "4"]
[White "Zimina, Olga"]
[Black "Hoolt, Sarah"]
[Result "1-0"]
[WhiteElo "2309"]
[BlackElo "2223"]
[PlyCount "77"]
[EventDate "2010.05.29"]
[EventType "team-tourn"]
[EventRounds "9"]
[EventCountry "SUI"]
[Source "ChessBase"]
[SourceDate "2010.07.02"]
[WhiteTeam "Italy (W)"]
[BlackTeam "Germany (W)"]
[WhiteTeamCountry "ITA"]
[BlackTeamCountry "GER"]

1. e4 c5 2. Nf3 e6 3. g3 Nc6 4. Bg2 Nf6 5. Qe2 Qc7 6. O-O d6 7. Rd1 e5 8. c3
Bg4 9. h3 Bxf3 10. Qxf3 Be7 11. Na3 O-O 12. Nc2 Rfe8 13. d3 Bf8 14. Ne3 Ne7 15.
g4 b5 16. Bd2 a5 17. a3 Rab8 18. g5 Nd7 19. h4 b4 20. Bh3 bxa3 21. bxa3 Rb3 22.
h5 Nb6 23. g6 hxg6 24. h6 Nc6 25. Kg2 Qe7 26. Rh1 Qf6 27. Qd1 a4 28. Ng4 Qe7
29. Qf3 Nd7 30. hxg7 Bxg7 31. Nh6+ Bxh6 32. Bxd7 Qxd7 33. Rxh6 Kg7 34. Rah1 Rg8
35. Rxg6+ Kxg6 36. Qg3+ Kf6 37. Qxg8 Ne7 38. Bg5+ Ke6 39. Rh6+ 1-0

[Event "Mitropa Cup (Women) 7th"]
[Site "Chur"]
[Date "2010.06.01"]
[Round "4"]
[White "De Seroux, Camille"]
[Black "Rozic, Vesna"]
[Result "0-1"]
[WhiteElo "2028"]
[BlackElo "2271"]
[PlyCount "104"]
[EventDate "2010.05.29"]
[EventType "team-tourn"]
[EventRounds "9"]
[EventCountry "SUI"]
[Source "ChessBase"]
[SourceDate "2010.07.02"]
[WhiteTeam "Switzerland (W)"]
[BlackTeam "Slovenia (W)"]
[WhiteTeamCountry "SUI"]
[BlackTeamCountry "SLO"]

1. e4 e6 2. d4 d5 3. Nd2 c5 4. exd5 exd5 5. Ngf3 Nc6 6. Bb5 Bd6 7. dxc5 Bxc5 8.
O-O Nge7 9. Nb3 Bd6 10. Re1 O-O 11. Bg5 Qc7 12. Bh4 Nf5 13. Bg3 Nxg3 14. hxg3
Rd8 15. c3 Bg4 16. Be2 a6 17. Qc2 g6 18. Nbd4 Bc5 19. Rad1 Rac8 20. Qd2 Qb6 21.
Nh2 Bxe2 22. Rxe2 Nxd4 23. cxd4 Bf8 24. Ng4 Re8 25. Ne5 Qb5 26. Rde1 Bb4 27.
Qf4 Rxe5 28. Qxe5 Bxe1 29. Rxe1 Qxb2 30. Qxd5 Qd2 31. Qe5 Rd8 32. Re4 Qxa2 33.
Qe7 Qd5 34. Rf4 Rd7 35. Qe3 Kg7 36. Rh4 h5 37. Re4 Rd6 38. g4 hxg4 39. Rxg4 Re6
40. Qc3 Rc6 41. Qe3 Rc8 42. Rg5 Qd6 43. Re5 Rc4 44. Re4 Rc8 45. Re7 b5 46. g3
Rc4 47. Re4 Qc6 48. Kh2 Rc3 49. Qf4 Rc2 50. Kg2 Qd5 51. Qf3 Rc4 52. Kh2 Rxd4
0-1

[Event "Mitropa Cup (Women) 7th"]
[Site "Chur"]
[Date "2010.06.01"]
[Round "4"]
[White "Krivec, Jana"]
[Black "Heinatz, Gundula"]
[Result "1-0"]
[WhiteElo "2340"]
[BlackElo "2220"]
[PlyCount "63"]
[EventDate "2010.05.29"]
[EventType "team-tourn"]
[EventRounds "9"]
[EventCountry "SUI"]
[Source "ChessBase"]
[SourceDate "2010.07.02"]
[WhiteTeam "Slovenia (W)"]
[BlackTeam "Switzerland (W)"]
[WhiteTeamCountry "SLO"]
[BlackTeamCountry "SUI"]

1. e4 c5 2. Nc3 d6 3. f4 Nc6 4. Nf3 g6 5. Bb5 Bd7 6. O-O Bg7 7. Kh1 Nd4 8. Nxd4
cxd4 9. Bxd7+ Qxd7 10. Ne2 Rc8 11. d3 Nh6 12. c3 dxc3 13. bxc3 O-O 14. Be3 b6
15. a4 Ng4 16. Bg1 Bxc3 17. Nxc3 Rxc3 18. h3 Nf6 19. Bd4 Rc7 20. f5 Qc8 21. Qd2
Nd7 22. Qh6 Ne5 23. Rf4 f6 24. Bxe5 g5 25. Rg4 dxe5 26. h4 e6 27. Rf1 exf5 28.
Rxf5 Rg7 29. hxg5 Rg6 30. gxf6 Qxf5 31. exf5 Rxg4 32. Qh5 1-0

[Event "Mitropa Cup (Women) 7th"]
[Site "Chur"]
[Date "2010.06.02"]
[Round "5"]
[White "Heinatz, Gundula"]
[Black "Kopinits, Anna Christina"]
[Result "1-0"]
[WhiteElo "2220"]
[BlackElo "2158"]
[PlyCount "97"]
[EventDate "2010.05.29"]
[EventType "team-tourn"]
[EventRounds "9"]
[EventCountry "SUI"]
[Source "ChessBase"]
[SourceDate "2010.07.02"]
[WhiteTeam "Switzerland (W)"]
[BlackTeam "Austria (W)"]
[WhiteTeamCountry "SUI"]
[BlackTeamCountry "AUT"]

1. d4 Nf6 2. Nf3 e6 3. Bg5 h6 4. Bh4 c5 5. e3 b6 6. Nbd2 Bb7 7. Bd3 Be7 8. O-O
g5 9. Bg3 g4 10. Ne5 h5 11. Bf4 d6 12. Nec4 b5 13. Na3 c4 14. Be2 a6 15. c3 Nd5
16. Nc2 Nd7 17. f3 h4 18. fxg4 e5 19. Bf3 exf4 20. exf4 N7b6 21. Re1 Qc7 22.
Be4 O-O-O 23. Qf3 Rde8 24. a4 Nf6 25. Bxb7+ Qxb7 26. axb5 Qxf3 27. gxf3 axb5
28. Na3 Kd7 29. Nxb5 Ra8 30. Na3 Rac8 31. Naxc4 Bd8 32. Ra7+ Kc6 33. Rxf7 Nxc4
34. Nxc4 Nd5 35. Ra1 Be7 36. Na5+ Kd7 37. c4 Ke8 38. Rf5 Ne3 39. Rb5 Nxc4 40.
Rc1 Nb6 41. Re1 Nd7 42. Rb7 Rf8 43. f5 d5 44. Ra7 Kd8 45. Nb7+ Kc7 46. Nc5+ Kb6
47. Rb7+ Kc6 48. Re6+ Bd6 49. Rxd7 1-0

[Event "Mitropa Cup (Women) 7th"]
[Site "Chur"]
[Date "2010.06.02"]
[Round "5"]
[White "Rudolf, Anna"]
[Black "Medic, Mirjana"]
[Result "1-0"]
[WhiteElo "2344"]
[BlackElo "2271"]
[PlyCount "89"]
[EventDate "2010.05.29"]
[EventType "team-tourn"]
[EventRounds "9"]
[EventCountry "SUI"]
[Source "ChessBase"]
[SourceDate "2010.07.02"]
[WhiteTeam "Hungary (W)"]
[BlackTeam "Croatia (W)"]
[WhiteTeamCountry "HUN"]
[BlackTeamCountry "CRO"]

1. e4 e6 2. d4 d5 3. Nd2 Nf6 4. e5 Nfd7 5. c3 c5 6. Bd3 b6 7. Nh3 Ba6 8. Bxa6
Nxa6 9. O-O g6 10. Qg4 Bg7 11. Nf3 h6 12. Nf4 Qe7 13. c4 Nc7 14. cxd5 Nxd5 15.
Nxd5 exd5 16. Re1 Nf8 17. dxc5 bxc5 18. b4 c4 19. a4 Ne6 20. Ba3 h5 21. Qg3 Qb7
22. b5 Bf8 23. Bxf8 Kxf8 24. Rad1 Kg7 25. Nd4 Nxd4 26. Rxd4 Rhe8 27. Qf3 Re6
28. Rxc4 Rae8 29. Rc5 Rd8 30. h3 Rd7 31. Qd3 a6 32. Qd4 Kh7 33. f4 axb5 34.
axb5 Qb6 35. Ra1 Qb7 36. Rac1 Qa7 37. Kh1 Qa2 38. R1c2 Qb1+ 39. Kh2 Qf1 40. Rc1
Qe2 41. Rxd5 Rxd5 42. Qxd5 Qe3 43. Rc4 h4 44. Qf3 Qe1 45. Re4 1-0

[Event "Mitropa Cup (Women) 7th"]
[Site "Chur"]
[Date "2010.06.02"]
[Round "5"]
[White "Maisuradze, Nino"]
[Black "Havlikova, Kristyna"]
[Result "1/2-1/2"]
[WhiteElo "2250"]
[BlackElo "2251"]
[PlyCount "87"]
[EventDate "2010.05.29"]
[EventType "team-tourn"]
[EventRounds "9"]
[EventCountry "SUI"]
[Source "ChessBase"]
[SourceDate "2010.07.02"]
[WhiteTeam "France (W)"]
[BlackTeam "Czech Republic (W)"]
[WhiteTeamCountry "FRA"]
[BlackTeamCountry "CZE"]

1. d4 Nf6 2. c4 g6 3. g3 Bg7 4. Bg2 d5 5. cxd5 Nxd5 6. Nf3 Nb6 7. O-O Nc6 8. e3
O-O 9. Nc3 Re8 10. Re1 e5 11. d5 Na5 12. e4 c6 13. dxc6 Nxc6 14. b3 Bg4 15. h3
Bxf3 16. Bxf3 Nd4 17. Bg2 Rc8 18. Bb2 Qe7 19. Re3 Qb4 20. Rb1 Qf8 21. Ne2 Nc6
22. a3 Bh6 23. Rd3 Red8 24. Bf1 Rxd3 25. Qxd3 Rd8 26. Qb5 Qd6 27. a4 Qd3 28.
Qxd3 Rxd3 29. Nc3 Rd8 30. Rd1 Rxd1 31. Nxd1 Bd2 32. Nc3 Nd4 33. Nd5 Nxb3 34.
Nxb6 axb6 35. Bxe5 Nc5 36. Bb5 Nxe4 37. Bc7 Ba5 38. Kg2 Nc3 39. Bd7 Nd5 40. Bd6
Bb4 41. Bxb4 Nxb4 42. Bc8 Na6 43. Bxb7 Nc5 44. Bc6 1/2-1/2

[Event "Mitropa Cup (Women) 7th"]
[Site "Chur"]
[Date "2010.06.02"]
[Round "5"]
[White "Olsarova, Karolina"]
[Black "Flear, Christine"]
[Result "1-0"]
[WhiteElo "2191"]
[BlackElo "2170"]
[PlyCount "71"]
[EventDate "2010.05.29"]
[EventType "team-tourn"]
[EventRounds "9"]
[EventCountry "SUI"]
[Source "ChessBase"]
[SourceDate "2010.07.02"]
[WhiteTeam "Czech Republic (W)"]
[BlackTeam "France (W)"]
[WhiteTeamCountry "CZE"]
[BlackTeamCountry "FRA"]

1. e4 c5 2. Nf3 a6 3. c4 e6 4. Nc3 b6 5. d4 cxd4 6. Nxd4 Bb7 7. Bd3 Bc5 8. Be3
Nc6 9. Nxc6 Bxc6 10. Bxc5 bxc5 11. Qg4 g6 12. O-O h5 13. Qe2 Nh6 14. f4 Qc7 15.
Nd5 Bxd5 16. cxd5 Qb6 17. Bc4 O-O 18. Rad1 a5 19. Rf3 Rab8 20. b3 Rfe8 21. Rg3
h4 22. Rh3 exd5 23. Rxd5 Qf6 24. Qf3 d6 25. g3 Qa1+ 26. Rd1 Qxa2 27. Rxh4 Kg7
28. Qc3+ f6 29. Rxd6 Qb1+ 30. Kf2 Rf8 31. e5 Rbd8 32. exf6+ Kh7 33. Re6 Rd7 34.
Re7+ Rxe7 35. fxe7 Re8 36. Bf7 1-0